Statistiques concernant Culture Générale - Série 1615

Cliquez ici pour prendre le quiz!

Statistiques générales

  • Ce quiz a été pris 80 fois
  • Le résultat moyen est 5 sur 10

Statistiques - réponses

QuestionRéponse% Correct
Quel est le plus grand pays d'Afrique (superficie) ?Algérie
91%
Quel canal relie l'Océan Pacifique à l'Océn Atlantique ?Canal de Panama
87%
Compléter l'expression suivante : "être laid comme un ...pou
77%
Quelle est la devise officielle du Japon ,yen
71%
Dans quel département se trouve le bassin d'Arcachon ?Gironde
69%
Quel animal était l'emblème du roi François 1er ?salamandre
51%
Dans quel département la Loire prend-elle sa source ?Ardèche
34%
Jusqu'en 1800, comment s'appelait la Place des Vosges à Paris ?Place Royale
16%
Qui a été maire maire d'Épernay de 1970 à 1977 et de 1983 à 2000 ?Bernard Stasi
3%
Quel nom portait le cyclone qui a frappé la Réunion en février 2007 ?Gamède
3%

Distribution des résultats

Percentile par nombre de réponses

% des personnes avec chaque résultat

Votre développement - résultats

Vous n’avez pas pris ce quiz